1936 1962 1134 1673 1976 1340 1794 1762 1459 1154 1407 1210 1140 1907 1703 1057 1922 1776 1798 1860 1887 1331 1478 1653 1226 1561 1534 1431 1058 1878 1405 1399 1955 1383 1625 1527 1442 1190 1951 1859 1651 1810 1189 1858 1580 1010 1670 1312 1585 1377 1939 1720 1762 1302 1754 1889 1579 1589 1940 1017 1182 1505 1437 1477 1513 1232 1758 1832 1863 1231 1294 1021 1818 1642 1056 1277 1688 1090 1599 1147 1421 1562 1331 1699 1528 1811 1049 1695 1441 1625 1997 1736 1684 1809 1393 1394 1335 1995 1351 BCNSPRNW ULIB Ver.6.0+V

เปลี่ยนเป็นภาษาไทย

Change to English
 แสดงรายละเอียดบรรณานุกรม
  กลับหน้าหลัก

Brief Record : Get Marc (ISO 2709) : E-mail record : QR code < ปิดหน้าต่าง
LEADER : 00000nam 2200000uu 4500
001    13399122210
003     ULIB
008    130111sมปป.||||th 000 0 tha d
020    ^a9786165312875
050  4 ^aPE1271^bต397ส
100    ^aติวเตอร์เม
245    ^aสังคายนา กริยา 3 ช่อง/^cติวเตอร์เม
260    ^aกรุงเทพฯ :^bสำนักพิมพ์ยูเอส แลงเกว็จ,^cม.ป.ป.
300    ^a159 หน้า
650    ^aภาษาอังกฤษ^xการใช้
650  0 ^aภาษาอังกฤษ^xกริยา3ช่อง
945    ^p199^l0^i19669
999    ^aกัณชพร
รายการนี้ยังไม่มีแท็ก
คุณยังไม่ได้ล็อกอิน คุณสามารถมีกิจกรรมร่วมกับเว็บไซต์ได้ แต่ต้องล็อกอินก่อน ::
  ล็อกอิน

รายการสื่อสารสนเทศ

ลำดับที่ ประเภท เลขเรียก/บาร์โค้ด สถานที่ สถานะ
1. การศึกษาทั่วไป
การศึกษาทั่วไป
PE1271 ต397ส  
  Barcode: 19669
ห้องสมุดวิทยาเขตสวรรค์ประชารักษ์
►หนังสือทั่วไป
บนชั้น

รายการใกล้เคียง
    ผู้แต่ง [ติวเตอร์เม]

    หัวเรื่อง [ภาษาอังกฤษ การใช้]

BibComment


ยังไม่เคยถูกคอมเมนท์

คอมเมนท์ทรัพยากรรายการนี้
  คอมเมนท์: สังคายนา กริยา 3..


 Copyright 2026. Bcnsprnw @Library